| 000 | 00526nam a2200205Ia 4500 | ||
|---|---|---|---|
| 003 | IN-BaIIA | ||
| 008 | 211028s9999 xx 000 0 eng d | ||
| 020 | _a471-91609-9 | ||
| 040 | _cIIA Library | ||
| 080 |
_a535 _bWAH |
||
| 100 |
_aWahlstrom, Ernest E _96451 |
||
| 245 | 0 |
_aOptical Crystallography _cErnest E. Wahlstrom |
|
| 250 | _a4th ed. | ||
| 260 |
_aNew York _bJohn Wiley & Sons _c1969 |
||
| 300 | _a489p. | ||
| 650 | _aNASA Thesaurus | ||
| 650 |
_aOptical Crystallography _97351 |
||
| 650 | _aOptics | ||
| 942 | _cBK | ||
| 999 |
_c4181 _d4181 |
||